000 00807cam a22002295a 4500
001 L157400
008 121121s2012 xxko f 000 0 eng d
020 _a9781848062931
035 _a(Sirsi) u157400
041 0 _aeng
100 1 _aLivesey, Katie
245 0 0 _aMeasuring the wellbeing benefits of interior materials
_bresearch programme WISER (wellbeing: improving satisfaction of end users in refurbishment)
260 _aWatford
_bBRE
_c2012
300 _a12p.
_bill.
_c30cm.
490 0 _aBRE Information Paper
_v(20/12)
520 _aLooks at wellbeing in buildings and discusses a BRE Trust project: "Measuring the Wellbeing Benefits of Interior Material Selection".
521 _aAdvanced
590 _aKA
651 4 _aUnited Kingdom
_y
690 _aHealth and safety
_96244
942 _n0
999 _c114759
_d114759